000 00414cam a2200169ua 4500
020 _c250.00
041 _aeng
_h
082 _a540
_bSIV/OB
100 _aSiva Kumar, M .
245 _aObjective chemistry /
_cM Siva Kumar.
_hTextual Documents
260 _aChennai :
_bSura College of competition ,
_c2009.
300 _a ; .
365 _a250.00
504 _a
942 _cBK
999 _c13473
_d13473